Naval Academy trivia - Statistics

General Stats
  • This quiz has been taken 17 times
  • The average score is 7 of 14
Answer Stats
Hint Answer % Correct
How many years of service do students commit to? 5
100%
What city is the Naval Academy in? Annapolis
93%
What is a student called? Midshipman
79%
What is a freshman called? Plebe
79%
What is a senior called? Firstie
57%
What is a midshipman's first day called? I-Day
50%
What is the dorm called? Bancroft hall
43%
Who is buried under the Chapel? John Paul Jones
43%
What is a sophmore called? Youngster
43%
How large is each class typically? 1200
36%
What words are on a flag as you enter the dorm? Don't give up the ship
29%
What is the cafeteria called? King Hall
29%
Who's statues is in front of T-court? Tecumseh
21%
How many miles of hallways does the dorm have? 4.8
14%
No matching quizzes found
Score Distribution
Percent of People with Each Score
Percentile by Number Answered
Your Score History
You have not taken this quiz